000 00706nam a2200289Ia 4500
005 20260324125036.0
008 008 260324s9999 xx 000 0 eng d
020 _a9780203865552
037 _aEBOOK
040 _aCRL
040 _beng
040 _cCRL
041 _2eng
041 _aeng
084 _qCRL
100 _aRobin Martin; Miles Hewstone
_91176467
245 0 _aMinority Influence and Innovation
245 0 _bAntecedents, Processes and Consequences
260 _bTaylor and Francis
260 _c2009
365 _a
365 _b230
856 _uhttp://www.taylorfrancis.com/books/9780203865552
942 _cEBOOK
999 _c1771389
_d1771389